UBT Library

Literacy work stations : (Record no. 40017)

000 -LEADER
fixed length control field 00741cam a22002414a 4500
001 - CONTROL NUMBER
control field 13049129
005 - DATE AND TIME OF LATEST TRANSACTION
control field 20180110075628.0
008 - FIXED-LENGTH DATA ELEMENTS--GENERAL INFORMATION
fixed length control field 030106s2003 meua b 000 0 eng
010 ## - LIBRARY OF CONGRESS CONTROL NUMBER
LC control number 2003041568
020 ## - INTERNATIONAL STANDARD BOOK NUMBER
International Standard Book Number 1571103538 (alk. paper)
040 ## - CATALOGING SOURCE
Original cataloging agency DLC
Transcribing agency DLC
Modifying agency DLC
041 ## - LANGUAGE CODE
Language code of text/sound track or separate title eng
042 ## - AUTHENTICATION CODE
Authentication code pcc
080 ## - UNIVERSAL DECIMAL CLASSIFICATION NUMBER
Universal Decimal Classification number 372.6 DEB
082 00 - DEWEY DECIMAL CLASSIFICATION NUMBER
Classification number 372.6 DEB
Edition number 21
100 1# - Rafti
Rafti 46
101 ## - Shkurtesa
Shkurtesa DEU
245 10 - TITLE STATEMENT
Title Literacy work stations :
Statement of responsibility, etc Debbie Diller.
504 ## - BIBLIOGRAPHY, ETC. NOTE
Bibliography, etc Includes bibliographical references (p. 217-218).
906 ## - LOCAL DATA ELEMENT F, LDF (RLIN)
a 7
b cbc
c orignew
d 1
e ocip
f 20
g y-gencatlg
942 ## - ADDED ENTRY ELEMENTS (KOHA)
Source of classification or shelving scheme
Item type Books
Holdings
Withdrawn status Lost status Source of classification or shelving scheme Damaged status Not for loan Collection code Permanent location Current location Shelving location Date acquired Total Checkouts Full call number Barcode Date last seen Price effective from Koha item type
          Koleksioni i përgjithshem UBT - Lipjan UBT - Lipjan Koleksioni i përgjithshem 01/10/2018   372.6 DEB 002-2995085` 01/10/2018 01/10/2018 Books
UBT Library © 2015-2024. All rights reserved University Education for Business and Technology